| 000 | 00615nam a22002057a 4500 | ||
|---|---|---|---|
| 999 |
_c13303 _d13303 |
||
| 003 | AR-CdUCM | ||
| 008 | 190411b ||||| |||| 00| 0 spa d | ||
| 040 |
_aMUNICIPALIDAD PROVINCIAL DEL CUSCO _cBIBLIOTECA MUNICIPAL DEL CUSCO |
||
| 082 |
_a882.4 / _bAR72 |
||
| 100 |
_aAristófanes _926978 |
||
| 245 |
_aLas avispas las aves : _bComedias / |
||
| 260 |
_aBuenos Aires : _bGlem, _c1943. |
||
| 300 |
_a218 páginas ; _c17 cm. |
||
| 505 | _aContenido: Teatro. | ||
| 650 |
_aTeatro griego (Comedia) _931652 |
||
| 650 |
_aLiteratura _983 |
||
| 650 |
_aSiglo XX _98 |
||
| 942 |
_2ddc _cLIBROS |
||
| 945 |
_aachl _d2019-04-11 |
||